| 000 | 00348nam a2200145Ia 4500 | ||
|---|---|---|---|
| 008 | 230917s9999||||xx |||||||||||||| ||und|| | ||
| 040 |
_e243178 _aMAIN |
||
| 041 | _aEnglish | ||
| 082 | _a362.292 A53Y | ||
| 100 | _aAnil | ||
| 245 | 0 | _aYuvaon ke beech nashe ki lat: Ek samajshastriya adhyayan | |
| 260 | _c2015 | ||
| 300 | _a76 p. | ||
| 942 | _cTH | ||
| 999 |
_c127387 _d127387 |
||